| 000 -LEADER |
| fixed length control field |
00339nam a22001457a 4500 |
| 003 - CONTROL NUMBER IDENTIFIER |
| control field |
OSt |
| 005 - DATE AND TIME OF LATEST TRANSACTION |
| control field |
20200604120020.0 |
| 008 - FIXED-LENGTH DATA ELEMENTS--GENERAL INFORMATION |
| fixed length control field |
200604b ||||| |||| 00| 0 eng d |
| 020 ## - INTERNATIONAL STANDARD BOOK NUMBER |
| International Standard Book Number |
9789388162470 |
| 082 ## - DEWEY DECIMAL CLASSIFICATION NUMBER |
| Classification number |
551.480 |
| Item number |
IMA |
| 100 ## - MAIN ENTRY--PERSONAL NAME |
| Personal name |
Imam, Md. Jafar, |
| 245 ## - TITLE STATEMENT |
| Title |
Rivers of India |
| 260 ## - PUBLICATION, DISTRIBUTION, ETC. (IMPRINT) |
| Place of publication, distribution, etc |
Delhi |
| Name of publisher, distributor, etc |
Writers World |
| Date of publication, distribution, etc |
2018 |
| 942 ## - ADDED ENTRY ELEMENTS (KOHA) |
| Source of classification or shelving scheme |
|